000 00760nas a2200277 4500
001 BR0500398
003 BR-BrBNA
005 20231205105142.0
007 ta
008 230509b bl.|||p| |||| 00| 00por d
040 _aBR-BrBNA
_bpor
_cBiblioteca Nacional de Agricultura
041 _a(Pt)
072 _aE10
100 1 _aFerrari, L.
245 1 _aChina puxa a expansão
650 _aMACROECONOMIA
650 _aCONTABILIDADE
650 _aPOLÍTICA ECONÔMICA
650 _aEMPRESA
650 _aMINERAÇÃO
650 _aEXPORTAÇÃO
650 _aDADOS ESTATÍSTICOS
773 0 _tConjuntura Econômica (Brazil)
_xISSN 0010-5945
_g(Sep 2004), v. 58(9) p. 78
_wBR0500398
909 _a202311
_bLúcia
_c55
_dLúcia Elande
942 _2AGRIS
_n0
_cANA
999 _c181497
_d181497